00220nam a2200085Ia 4500020001900000100001900019245004200038082001300080008004100093 a9781409586951" aPUNTER RUSSELL 0aUSBORNE THRILLING ILLUSTRATED STORIES aEJF PUN210805s9999 xx 000 0 und d